| 000 | 00813cab a2200241 4500 | ||
|---|---|---|---|
| 001 | ABS60655 | ||
| 008 | 090401t1999 xxu||||| |||| 00| 0 eng d | ||
| 035 | _a(Sirsi) u99901 | ||
| 041 | _aeng | ||
| 245 | _aCommunity participation through virtual reality | ||
| 260 | _c1999 | ||
| 350 | _a0 | ||
| 490 |
_aTown & Country Planning _v68(5) May 1999, 162-163(2) |
||
| 520 | _aAn article which looks at the potential applications of virtual reality as a tool to model town centres and heritage sites and to conceptualise reclamation schemes. | ||
| 650 | _aCOMMUNITY PARTICIPATION | ||
| 650 | _aENVIRONMENTAL PLANNING | ||
| 650 | _aMODELLING | ||
| 650 | _aTOWN CENTRES | ||
| 650 | _aVIRTUAL REALITY | ||
| 690 | _aMANAGEMENT-BUSINESS MANAGEMENT-INFORMATION MANAGEMENT | ||
| 942 | _n0 | ||
| 948 | _c18/05/1999 | ||
| 999 |
_c60005 _d60005 |
||